Suche nach der Heimat

Titel: Suche nach der Heimat : Aussiedler sprechen über ihre Erfahrungen / Krystyna Gerke
Verfasser:
Veröffentlicht: Hamburg : Hochschule für Bildende Künste, Fachbereich Visuelle Kommunikation (Medienkommunikation), 1981
Umfang: 63 S. : zahlr. Ill. ; 20 cm
Format: Buch
Sprache: Deutsch
Schriftenreihe/
mehrbändiges Werk:
Material / Hochschule für Bildende Künste Hamburg, Fachbereich Visuelle Kommunikation, Medienkommunikation ; 45
RVK-Notation:
Schlagworte:
Kein Bild verfügbar
X
Lokale Klassifikation: 3 3 H
alg: 7607105
001A    $06000:02-07-99 
001B    $01999:12-05-23 $t22:26:11.000 
001C    $00004:25-03-14 $t11:14:45.000 
001D    $00066:16-07-18 
001U    $0utf8 
001X    $00 
002@    $0Aau 
003@    $0076071057 
003O    $0174487265 $aOCoLC 
004A    $fkart. : DM 5.00 
006G    $0820075205 
006U    $082,B03,0056 
007A    $0820075205 $aDNB 
007T    $0Herdhh076071057 
010@    $ager 
011@    $a1981 
021A    $aSuche nach der Heimat $dAussiedler sprechen über ihre Erfahrungen $hKrystyna Gerke 
028A    $7 $8Gerke, Krystyna [Tnd] $9144548836 
033A    $pHamburg $nHochschule für Bildende Künste, Fachbereich Visuelle Kommunikation (Medienkommunikation) 
034D    $a63 S. 
034I    $a20 cm 
034M    $azahlr. Ill. 
036E    $aMaterial / Hochschule für Bildende Künste Hamburg, Fachbereich Visuelle Kommunikation, Medienkommunikation $l45 
044F    $aAussiedler 
044F    $aGesellschaftliche Integration 
045E    $a14 
045F    $a306.0943 $eDDC23BSB 
045F/01 $a306.09 
045F/03 $g43 
045Z    $8MS 2600 [Tkv] $9410833657 

lok: 7607105 21

exp: 7607105 21 1 #EPN
201B/01 $018-12-19 $t16:10:29.000 
201C/01 $010-11-06 
201U/01 $0utf8 
203@/01 $0479475431 
208@/01 $a10-11-06 $bz 
209A/01 $a03 / MS 2600 G369 $du $f010 $hMS 2600 G369 $x00 
209B/01 $a01003 $x05 
209B/01 $a01070 $x06 
209C/01 $a154/83 
209G/01 $a10773695 $x00 
209G/01 $aEG, Magazin $x01 
220C/01 $aRetro  
247C/01 $8641004-2 <66/4>Fulda, Hochschul- und Landesbibliothek Fulda, Standort Campus, Magazin $9322683319 

lok: 7607105 24
101B    $017-07-08 $t10:17:32.000 
101C    $017-07-08 
101U    $0utf8 
145Z/01 $a3 3 H 

exp: 7607105 24 1 #EPN
201B/01 $017-07-08 $t10:17:32.000 
201C/01 $017-07-08 
201U/01 $0utf8 
203@/01 $0546852319 
208@/01 $a17-07-08 $br 
209A/01 $a3 III H 148 $du $f050 $h3 3 H 148 $x00 
209C/01 $aG 82.4671 $h82 4671 G 
209G/01 $a72206983 $x00 
220C/01 $ash 
247C/01 $8358050-7 Marburg, Bibliothek des Herder-Instituts Marburg $9102600961 

lok: 7607105 78

exp: 7607105 78 1 #EPN
201B/01 $019-04-17 $t18:32:21.000 
201U/01 $0utf8 
203@/01 $0793309360 
208@/01 $a12-11-16 $be 
209A/01 $a/ $f000 $x00 
220C/01 $aAnmerkung: *ng 
237A/01 $aweiterführende Signatur(en): Herder-Institut: 3 III H 148 
244Z/01 $2Trx $8--Trx--Monographie $x01 $9391384546 
245Z/01 $a08.03 $x01 
247C/01 $82080>Marburg/Lahn, Herder-Institut, Forschungsbibliothek, Bibliographieportal $9336309341 

lok: 7607105 205

exp: 7607105 205 1 #EPN
201B/01 $025-03-14 $t11:14:45.000 
201C/01 $018-02-10 
201U/01 $0utf8 
203@/01 $0588841951 
208@/01 $a25-03-14 $bz 
209A/01 $a070 8 2014/05783 $du $f000 $x00 
209C/01 $a(424) 18 2010/0033 
209G/01 $a55358079 $x00 
247C/01 $8351000-1 <4>Marburg, Universität Marburg, Universitätsbibliothek $9102594767
LEADER 00000cam a2200000 c 4500
001 076071057
003 DE-603
005 20230512222611.0
007 tu
008 990702s1981 xx |||| | u00||u|ger
015 |a 82,B03,0056  |2 dnb 
016 7 |2 DE-101  |a 820075205 
035 |a (DE-599)DNB820075205 
035 |a (OCoLC)174487265 
040 |a DE-603  |b ger  |c DE-603  |d DE-603 
041 |a ger 
082 0 4 |8 1\u  |a 306.0943  |q DE-101  |2 23/BSB 
084 |a 14  |q DE-101  |2 sdnb 
084 |a MS 2600  |0 (DE-625)123641:  |0 (DE-603)410833657  |2 rvk 
085 |8 1\u  |b 306.09 
085 |8 1\u  |z 2  |s 43 
100 1 |a Gerke, Krystyna  |0 (DE-603)144548836 
245 0 0 |a Suche nach der Heimat  |b Aussiedler sprechen über ihre Erfahrungen  |c Krystyna Gerke 
264 1 |a Hamburg  |b Hochschule für Bildende Künste, Fachbereich Visuelle Kommunikation (Medienkommunikation)  |c 1981 
300 |a 63 S.  |b zahlr. Ill.  |c 20 cm 
490 0 |a Material / Hochschule für Bildende Künste Hamburg, Fachbereich Visuelle Kommunikation, Medienkommunikation  |v 45 
650 7 |a Aussiedler  |2 local 
650 7 |a Gesellschaftliche Integration  |2 local 
924 0 |9 66/4  |a (DE-603)479475431  |b DE-66-4  |c HES  |d c  |g 03 / MS 2600 G369  |h EG, Magazin 
924 0 |9 Mb 50  |a (DE-603)546852319  |b DE-Mb50  |c HES  |d c  |g 3 III H 148 
924 0 |9 2080  |a (DE-603)793309360  |b DE-2080  |c HES  |d d  |g / 
924 0 |9 4  |a (DE-603)588841951  |b DE-4  |c HES  |d c  |g 070 8 2014/05783